000
00259nam a22001217a 4500
008
180122b xxu||||| |||| 00| 0 eng d
041
_a
eng
080
_2
3 ED
_a
34
100
_a
14
101
_a
JUR
245
_a
CRIMINAL LAW
_c
BOONIE.R.J
942
_2
udc
_c
BK
999
_c
40621
_d
40621